Snaha o vytvorenie medzinárodných katalogizačných pravidiel

Správa o snahe o zjednotenie katalogizačných pravidiel na pôde IFLA, ktorej výkonný výbor má vypracovať ich návrh a predložiť ho v r. 1959 v Paríži zástupcom členských združení

Bibliographic Details
Other Authors: Mičátek, Mikuláš (Compiler)
Format: Article
Language:Slovak
Subjects:
Online Access:plný text

MARC

LEADER 00000nab a2200000 4500
001 vtls008694085
003 SK-MaSNL
005 20260305015406.0
008 140301 1958 xo p 000 0 slo
015 |a SNBRRBDKK190120XX 
035 |a CLAS02vtls000025824 
040 |a SNKBUDKK  |b slo  |c SNKBUDKK  |e AACR2 
041 0 |a slo 
044 |a xo  |c SK 
080 |a 025.31  |2 1997 
245 0 0 |a Snaha o vytvorenie medzinárodných katalogizačných pravidiel  |c (The Library of Congress "Information Bulletin", roč. 1958, č. 28) 
500 |a Rubrika: Zprávy 
520 2 |a Správa o snahe o zjednotenie katalogizačných pravidiel na pôde IFLA, ktorej výkonný výbor má vypracovať ich návrh a predložiť ho v r. 1959 v Paríži zástupcom členských združení 
610 2 7 |a Medzinárodná federácia knihovníckych asociácií a inštitúcií  |2 snkbudkk  |9 67163 
650 0 7 |a katalogizácia  |2 snkbudkk  |9 22191 
650 0 7 |a katalogizačné pravidlá a štandardy  |2 snkbudkk  |9 107064 
700 1 |a Mičátek, Mikuláš  |4 com  |9 470753 
773 0 |t Knižnica : časopis pre knižnú kultúru  |g Roč. 10, č. 6 (1958), s. 300-301 
850 |a Slovenská národná knižnica v Martine 
852 |a SNK  |b KIS3GCP 
856 4 1 |u http://www.viks.sk/dkk/kniznica1958_300_301.doc  |y plný text 
910 |a bdkk  |a memoriask 
958 |a KL 
999 |c 3274664  |d 3276594